000 00800nam a2200193Ia 4500
001 2966
003 GE_BSU
008 181216s||||||||xx |||||||||||||| ||und||
040 _cGE_BSU
080 _a621.642.004
245 _aПравила и инструкции по технической экспулуатации металлических резервуаров и очистных сооружуний.
245 _cРед.изд-ва А.Б.Латай, Г.В.Растова.
260 _aМ.
260 _bНедра.
260 _c1977.
300 _a464 стр. 20 см.
653 _aПравила и инструкции по технической экспулуатации металлических резервуаров и очистных сооружуний.
942 _cBK
999 _c37014
_d37014